000 00561nam a22001937a 4500
003 OSt
005 20140414133539.0
008 130627t xxu||||| |||| 00| 0 eng d
020 _a9715845010
050 _aQD 33.2
_b.B149 2006
100 _aBaguio, Saranay M.
245 _aBreaking through chemistry /
_cSaranay M. Baguio and Rose Mary B. Butaran.
260 _aQuezon City :
_bC & E Publishing,
_c2006.
300 x _axiii, 562 p. ;
_c26 cm.
_bill. ;
650 _aChemistry
700 _aButaran, Rose Mary B.
942 _2lcc
_cBK
999 _c25732
_d25732